=LDR 00000nam 2200000 4500 =001 NUTBA000000000004212 =005 20140904154456.0 =006 =007 =008 =020 ##$$a 978-979-91-0066-5 =035 ##$$a 0010-091400000000245 =082 ##$$a 813-Tol-a =100 ##$$a Leo Tolstoi =245 ##$$a Anna karenina =260 ##$$a Jakarta $b KPG $c 2007 =300 ##$$a XVII,562 hLM $c 21 cm =850 ##$$a NBPNMAT =990 ##$$a 0001/BPAP-NTB/20142014 =990 ##$$a 1327913279 =990 ##$$a 01201713279 =990 ##$$a 0001/BPAP-NTB/20142014